<?xml version="1.0" encoding="UTF-8"?>
<record
    xmlns:xsi="http://www.w3.org/2001/XMLSchema-instance"
    xsi:schemaLocation="http://www.loc.gov/MARC21/slim http://www.loc.gov/standards/marcxml/schema/MARC21slim.xsd"
    xmlns="http://www.loc.gov/MARC21/slim">

  <leader>01816nam a2200325 a 4500</leader>
  <controlfield tag="001">BRCA_2597</controlfield>
  <controlfield tag="005">20190320203901.0</controlfield>
  <controlfield tag="008">281108s1879----sp-a---###---#000-0dspa-u</controlfield>
  <datafield tag="041" ind1=" " ind2=" ">
    <subfield code="a">spa</subfield>
  </datafield>
  <datafield tag="044" ind1=" " ind2=" ">
    <subfield code="a">sp</subfield>
  </datafield>
  <datafield tag="050" ind1=" " ind2="4">
    <subfield code="a">179</subfield>
    <subfield code="b">.G39</subfield>
    <subfield code="c">1879</subfield>
  </datafield>
  <datafield tag="100" ind1="1" ind2=" ">
    <subfield code="a">Cervantes Saavedra, Miguel de</subfield>
    <subfield code="d">1547-1616</subfield>
    <subfield code="9">213</subfield>
  </datafield>
  <datafield tag="245" ind1="1" ind2="0">
    <subfield code="a">El Ingenioso Hidalgo Don Quijote de la Mancha</subfield>
    <subfield code="c">compuesto por Miguel de Cervantes Saavedra.</subfield>
  </datafield>
  <datafield tag="260" ind1=" " ind2=" ">
    <subfield code="a">Madrid</subfield>
    <subfield code="b">Libreria e imprenta de Gaspar</subfield>
    <subfield code="c">1879</subfield>
  </datafield>
  <datafield tag="300" ind1=" " ind2=" ">
    <subfield code="a">540 p.</subfield>
    <subfield code="b">il.</subfield>
    <subfield code="c">28 cm.</subfield>
  </datafield>
  <datafield tag="440" ind1=" " ind2="0">
    <subfield code="a">Biblioteca ilustrada de Gaspar y Roig</subfield>
    <subfield code="9">7304</subfield>
  </datafield>
  <datafield tag="500" ind1=" " ind2=" ">
    <subfield code="a">Contenido : Primera parte. Escudo de la edici&#xF3;n pr&#xED;ncipe. Dedicatoria del autor. Nota de los editores. Retrato de Cervantes. Pr&#xF3;logo del autor. Versos preliminares. Texto. Segunda parte. Dedicatoria del autor. Pr&#xF3;logo del autor. Vida de Cervantes. Buscapi&#xE9;. Pr&#xF3;lo y notas por A. de Castro. Texto</subfield>
  </datafield>
  <datafield tag="500" ind1=" " ind2=" ">
    <subfield code="a">Edici&#xF3;n : Novisima edici&#xF3;n con notas historia, cr&#xED;tica y gramatica de la Academia Espa&#xF1;ola, Pellicer, Arrieta, Clemanc&#xED;n, Cuesta, Janer, etc. Aumentada con El Buscapi&#xE9; anotada por A. de Castro, adornado con 300 grabados intercalados, l&#xE1;minas sueltas y el retrato del autor grabado en acero</subfield>
  </datafield>
  <datafield tag="500" ind1=" " ind2=" ">
    <subfield code="a">Ejemplar enteramente igual al LO-179. Semipiel; lomera decorada con filetes dorados L&#xFA;dovik Osterc</subfield>
  </datafield>
  <datafield tag="500" ind1=" " ind2=" ">
    <subfield code="a">QM178</subfield>
  </datafield>
  <datafield tag="650" ind1="1" ind2="4">
    <subfield code="a">Novela espa&#xF1;ola</subfield>
    <subfield code="y">&#xC9;poca cl&#xE1;sica, 1500-1700</subfield>
    <subfield code="9">215</subfield>
  </datafield>
  <datafield tag="650" ind1="1" ind2="4">
    <subfield code="a">Literatura espa&#xF1;ola</subfield>
    <subfield code="y">&#xC9;poca cl&#xE1;sica, 1500-1700</subfield>
    <subfield code="9">216</subfield>
  </datafield>
  <datafield tag="650" ind1="1" ind2="4">
    <subfield code="a">Novela espa&#xF1;ola</subfield>
    <subfield code="y">Siglo XVII</subfield>
    <subfield code="9">217</subfield>
  </datafield>
  <datafield tag="650" ind1="1" ind2="4">
    <subfield code="a">Don Quijote (Personaje ficticio)</subfield>
    <subfield code="e">Novela</subfield>
    <subfield code="9">218</subfield>
  </datafield>
  <datafield tag="700" ind1="1" ind2=" ">
    <subfield code="a">Buenaventura, Carlos Aribau</subfield>
    <subfield code="d">1798-1862</subfield>
    <subfield code="e">Bi&#xF3;grafo</subfield>
    <subfield code="9">7414</subfield>
  </datafield>
  <datafield tag="700" ind1="1" ind2=" ">
    <subfield code="a">Castro y Rossi, Adolfo de</subfield>
    <subfield code="d">1823-1898</subfield>
    <subfield code="e">Anotador</subfield>
    <subfield code="9">7415</subfield>
  </datafield>
  <datafield tag="740" ind1="0" ind2=" ">
    <subfield code="a">El Ingenioso Hidalgo Don Quijote de la Mancha</subfield>
  </datafield>
  <datafield tag="902" ind1=" " ind2=" ">
    <subfield code="a">QFM</subfield>
  </datafield>
  <datafield tag="942" ind1=" " ind2=" ">
    <subfield code="2">lcc</subfield>
    <subfield code="c">B</subfield>
  </datafield>
  <datafield tag="999" ind1=" " ind2=" ">
    <subfield code="c">2337</subfield>
    <subfield code="d">2337</subfield>
  </datafield>
  <datafield tag="952" ind1=" " ind2=" ">
    <subfield code="0">0</subfield>
    <subfield code="1">0</subfield>
    <subfield code="4">0</subfield>
    <subfield code="7">0</subfield>
    <subfield code="a">BRCA</subfield>
    <subfield code="b">BRCA</subfield>
    <subfield code="d">2008-11-28</subfield>
    <subfield code="i">QM178</subfield>
    <subfield code="l">0</subfield>
    <subfield code="o">179 .G39 1879 (QM178)</subfield>
    <subfield code="p">2594</subfield>
    <subfield code="r">2019-03-22 00:00:00</subfield>
    <subfield code="w">2019-03-22</subfield>
    <subfield code="y">B</subfield>
  </datafield>
</record>
